000 00445nam a2200157Ia 4500
999 _c4140
_d4140
003 OSt
005 20200811124348.0
008 190216s9999||||xx |||||||||||||| ||und||
040 _coclc
082 _a519.5
_bGUP/S
100 _aGupta, S P
_9766
245 0 _aStatistical Methods /
_cS P Gupta
250 _a11th Ed.
260 _bPrentice Hall Of India,
_aNew Delhi:
_c1978.
942 _cBK
_2ddc
_h519.5
_iGUP/S
_k519.5
_mGUP/S